00438nam a2200121Ia 4500008004000000020001800040082001500058100002200073245009700095260006300192300001400255650004700269210210b2003 xxu||||| |||| 00| 0 eng d a0 07 058800 7 a351.3 TATT aTATA McGRAW-HILL. aTata McGraw-Hill's general studies manual 2005 (UPSC civil service preliminary examination). aNew Delhi.bTata McGraw-Hill Publishing Company Ltd.c2003 axxxix,K85 aGeneral Studies Manual UPSC Civil Services